00335nam a2200121Ia 4500008004100000041001200041082001600053100001400069245006900083260004100152300000800193650001200201221030s9999 xx 000 0 und d aEnglish a105.23bPra aP. Prasad 0aCommunication Skills For Engineers & Professionalscby P. Prasad bS.K. Kataria & SonsaNew Delhic1998 a407 aENGLISH